| 000 | 00631nam a2200181Ia 4500 | ||
|---|---|---|---|
| 008 | 100921s9999 xx 000 0 und d | ||
| 082 |
_b15022 _a891.461 ढ 96 |
||
| 100 | _aपंडित वामन=ओक वामन दाजी. | ||
| 245 | _aकवितासंग्रह. | ||
| 260 |
_bनिर्णयसागर छापखाना,मुंबई. _c1896 |
||
| 300 |
_a224 _b--- |
||
| 365 | _b1.25 | ||
| 520 | _aललित-काव्य. | ||
| 630 | _aकवितासंग्रह. | ||
| 650 | _aललित-काव्य. | ||
| 730 | _aकवितासंग्रह. | ||
| 942 | _cBOOK | ||
| 999 |
_c764135 _d764132 |
||